Nicaragua: balance de la situación económica
שמור ב:
| פורמט: | Texto |
|---|---|
| נושאים: | |
| תגים: |
הוספת תג
אין תגיות, היה/י הראשונ/ה לתייג את הרשומה!
|
MARC
| LEADER | 00000 a a2200000 04500 | ||
|---|---|---|---|
| 001 | 18031 | ||
| 003 | |||
| 040 | |||
| 245 | |a Nicaragua: |b balance de la situación económica | ||
| 650 | |a ECONOMIA | ||
| 650 | |a POLITICA | ||
| 650 | |a REVOLUCION | ||
| 650 | |a EMPLEO | ||
| 650 | |a TRABAJADORES | ||
| 650 | |a NICARAGUA | ||
| 773 | |g volumen 5, número 13; (1981) páginas 150 | ||
| 999 | |c 25573 |d 25573 | ||
| 773 | 0 | |0 42391 |9 3890 |a Agencia Latinoamericana de Información, ALAI |d Quito, Ecuador: ALAI |o 04421 |t ALAI: |x 08275564 (Servicio mensual de información y documentación) | |
